| 000 | 00391nam a2200133Ia 4500 | ||
|---|---|---|---|
| 008 | 220216s9999 xx 000 0 und d | ||
| 100 | _aBauer B J | ||
| 245 | 0 | _aSynthesis and dilute-solution behavior of model star-branched polymers (1978 reviews) | |
| 260 |
_bRubber Chemistry and Technology _c1978 |
||
| 650 | _a1978 reviews | ||
| 650 | _aPolymers | ||
| 700 | _aFetters L J | ||
| 942 | _cJS | ||
| 999 |
_c70136 _d70136 |
||